000 00658nam a2200181Ia 4500
008 090124s9999 xx 000 0 und d
082 _b44105
100 _aपंडित श्रीनिवास
245 _a शूर गांडुळ आणि इतर कथा
250 _a1
260 _bऊर्जा प्रकाशन
_c2003
300 _a50
600 _aपंडित श्रीनिवास
630 _a शूर गांडुळ आणि इतर कथा
700 _aपंडित श्रीनिवास
730 _a शूर गांडुळ आणि इतर कथा
942 _cBOOK
999 _c110336
_d110336